The changing role of medical students (Registro nro. 325088)

Detalles MARC
000 -ENCABEZADO
Número de control [NR] 01272nam a22002417a 4500
005 - FECHA Y HORA DE LA ÚLTIMA TRANSACCIÓN
control field 20250117090558.0
008 - DE LONGITUD FIJA DE DATOS DE ELEMENTOS - INFORMACIÓN GENERAL
Elementos de longitud fija [NR] 250117b ||||| |||| 00| 0 eng d
020 ## - NUMERO INTERNACIONAL NORMALIZADO PARA LIBROS [R]
Número Internacional Normalizado del libro [NR] 9780323870221
040 ## - FUENTE DE CATALOGACION [NR]
Agencia de catalogación original [NR] CO-BoUCM
Quien Cataloga David Moreno
Quien Clasifica David Moreno
041 ## - CODIGO DE IDIOMA [R]
Código de idioma para texto/pista de sonido o título separado [R] Inglés
060 ## - SIGNATURA TOPOGRAFICA DE LA BIBLIOTECA NACIONAL DE MEDICINA (NLM) [R]
Número clasificador [R] W 18
100 1# - ASIENTO PRINCIPAL--NOMBRE PERSONAL [NR]
Nombre personal [NR] Harden, Jeni
ID Autoridad 184037
245 14 - MENCION DE TITULO [NR]
Título [NR] The changing role of medical students
Mención de responsabilidad, etc. [NR] Jeni Harden, Ronald M. Harden.
260 ## - PUBLICACION, DISTRIBUCION, ETC. (PIE DE IMPRENTA) [R]
Lugar de publicación, distribución, etc. [R] London
Nombre del editor, distribuidor, etc. [R] Elsevier
Fecha de publicación, distribución, etc. [R] 2024
300 ## - DESCRIPCION FISICA [R]
Extensión [R] xvii, 166 Paginas
Otros detalles físicos [NR] ilustraciones a color
505 ## - NOTA DE CONTENIDO CON FORMATO PREESTABLECIDO [R]
Mención de responsabilidad [R] 1. Student participation in the education programme -- 2. The seven roles of medical students -- 3. A student's perspective -- 4. The student as a professional -- 5. The student as a facilitator of their own learning -- 6. The role of the student as n information processor -- 7. The student as a curriculum collaborator -- 8. The student as an assessor -- 9. The student as a teacher -- 10. The student as a scholar -- 11. Student participation in practice: some final thoughts.
650 14 - ASIENTO SECUNDARIO DE MATERIA - TERMINO TEMATICO [R]
Término temático o nombre geográfico como elemento de entrada [NR] Estudiantes de medicina
9 (RLIN) 7600
650 14 - ASIENTO SECUNDARIO DE MATERIA - TERMINO TEMATICO [R]
Término temático o nombre geográfico como elemento de entrada [NR] Educación, Medicina
9 (RLIN) 184038
700 1# - ASIENTO SECUNDARIO - NOMBRE PERSONAL [R]
Nombre personal [NR] Harden, Ronald M.
9 (RLIN) 86793
700 1# - ASIENTO SECUNDARIO - NOMBRE PERSONAL [R]
Nombre personal [NR] Harramati, Aviad
Término de relación [R] prólogo
9 (RLIN) 184039
700 1# - ASIENTO SECUNDARIO - NOMBRE PERSONAL [R]
Nombre personal [NR] Whittaker, Ed
Término de relación [R] prólogo
9 (RLIN) 184040
942 ## - ELEMENTOS DE ENTRADA AGREGADOS (KOHA)
Sistema de clasificación NLM
Tema principal Medicina
Tipo de ítem principal el descrito en 300a Libro
Edición 1
Clasificación W 18
Parte restante de la signatura top. H259c
Título oculto en OPAC No
Existencias
Total préstamos Signatura topográfica Código de barras Última vez visto Ejemplar Price effective from Tipo de ítem Perdido Sistema de clasificación Dañado No prestable Tipo de ítem específico Suprimido Ubicación habitual Ubicación actual Localización Fecha de creación Forma de adquisición Costo
  W 18 H259c 100173459 12/12/2025 Ej.1 17/01/2025 Libro   NLM     Libro   Quinta de Mutis Quinta de Mutis 1er piso 17/01/2025 Compra 179344.00